• 首页
  • 本馆介绍
  • 公告通知
  • 最新文献
  • 馆藏检索
  • 电子资源
  • 读者导购
  • 参考咨询
  • 我的图书馆
  • 登录
  • 详细信息显示
  • 放入我的书架
  • 预约/预借图书
  • 作者相关作品
  • 分类相关作品
  • 丛书相关作品
  • 出版社相关作品

书目信息

  • 表格格式
  • 工作单格式
  • 卡片格式
题名:
反应器分析与设计
    
 
作者: 弗罗门特 , 比肖夫 著 ;邹仁鋘 译
分册:  
出版信息: 北京   化学工业出版社  1985
页数: 787页
开本: 20cm
丛书名:
单 册:
中图分类: TQ052.02
科图分类:
主题词: 化工机械 , 化工设备
电子资源:
ISBN:
000 00780nam0 2200265 45
001 0185017092
005 20060511155758.31
010    @dCNY5.60
091    @a15063.3652
100    @a19951117d1985 em y0chiy0121 ea
101 1  @achi@ceng
102    @aCN@b110000
105    @ay z 000yy
200 10 @a反应器分析与设计@Afan ying qi fen xi yu she ji@f(比)弗罗门特(Froment,G.F.),(美)比肖夫(Bischoff,K.)著@g邹仁鋘等译
210    @a北京@c化学工业出版社@d1985
215    @a787页@d20cm
606 0  @a化工机械
606 0  @a化工设备
690    @aTQ052.02
701  1 @a弗罗门特@bG.F.@4著@Afu luo men te
701  1 @a比肖夫@bK.@4著@Abi xiao fu
702  0 @a邹仁鋘@4译@Azou ren yun
801  2 @aCN@bNLC@c20060511
801  0 @aCN@b深圳图书馆@c20040518
905    @dTQ052.02@e23
    
    反应器分析与设计/(比)弗罗门特(Froment,G.F.),(美)比肖夫(Bischoff,K.)著/邹仁鋘等译.-北京:化学工业出版社,1985
    787页;20cm
    
    
    ISBN :CNY5.60
    
●
相关链接 在E读中查询图书 在五车中查询图书 在当当中查询图书 在豆瓣中查询图书


正题名:反应器分析与设计     索取号:TQ052.02/23         预约/预借

序号 登录号 条形码 馆藏地/架位号 状态 备注
1 0149143   001646703   第二样本阅览室/ [索取号:TQ052.02/23] 在馆    
2 0149144   001646847   第三借阅区/ [索取号:TQ052.02/23] 在馆    
3 0149145   202324332   密集书库/ [索取号:TQ052.02/23] 在馆    
唐山师范学院图书馆 欢迎您!
大连网信软件有限公司© 版权所有